Milagros urbanos Liderazgo y transformacin̤ urbana en Bogot ̀y Medelln̕ /

Bibliographic Details
Main Author: Caicedo Hinojos, Gustavo
Format: eBook
Language:Spanish
Published: Bogot:̀ Editorial Universidad de Rosario (Colombia), 2018
Subjects:
Online Access:Acceso restringido

MARC

LEADER 00000nam a22000007a 4500
005 20181227121142.0
007 cr|||| ||||
008 181227s2018 co |||||s|||| 00||0 spa d
020 |a 978-958-784-051-3 
035 |a 22651 
040 |a vLex 
090 |c 8389  |d 8389 
100 1 |a Caicedo Hinojos, Gustavo 
245 1 0 |a Milagros urbanos  |h [Recurso electrn̤ico] :  |b Liderazgo y transformacin̤ urbana en Bogot ̀y Medelln̕ /  |c Gustavo Caicedo Hinojos 
256 |a Servicio en ln̕ea 
260 |a Bogot:̀  |b Editorial Universidad de Rosario (Colombia),  |c 2018 
300 |a 1 recurso electrn̤ico 
500 |a Con una renovada estrategia que desconoca̕ las soluciones tradicionales para la crisis urbana, los ld̕eres en Bogot ̀y Medelln̕ desarrollaron exitosamente un relato transformador que introduca̕ los conceptos de ciudadana̕, comunidad y transparencia como nuevos ejes temt̀icos del lenguaje polt̕ico y planificador de la administracin̤ pb︢lica. As ̕mismo, los alcaldes de estas dos ciudades, con el fin de reconfigurar el Estado local y la sociedad, hicieron una lectura de los problemas urbanos en třminos de convivencia y aądieron la pedagoga̕, la moralidad y el civismo dentro de las responsabilidades pb︢licas tanto para las autoridades como para la ciudadana̕. 
506 1 |a Disponible solo en los productos indicados  |d vLex Global  |d vLex Global (Academic Edition, excluding Law Schools)  |d vLex Global (U.S. Academic Edition, Law Schools)  |d vLex Global (U.S. Academic Edition, excluding Law Schools)  |d vLex Global (Academic Edition, Law Schools) 
650 0 4 |a Ciencia polt̕ica  |z Colombia 
740 0 |a vLex Libros (Servicio en ln̕ea) 
856 4 0 |u http://vlex.com/source/milagros-urbanos-liderazgo-y-transformacion-urbana-en-bogota-y-medellin-22651  |z Acceso restringido 
942 |c BOOK 
999 0 |a Politic science